| 000 | 00538nam a22001817a 4500 | ||
|---|---|---|---|
| 008 | 150925b xxu||||| |||| 00| 0 eng d | ||
| 020 | _a0471136468 | ||
| 041 | 0 | _aeng | |
| 080 | _a510.2 | ||
| 245 |
_aCollege mathematics : _cRuric Wheeler; Karla Neal; Roseanne Hofmann; |
||
| 260 |
_aNew York : _bJ. Wiley & Sons, _cc1996. |
||
| 300 |
_a600 f.: _bme il.; _c24 cm. |
||
| 650 | 0 | _aMatematika | |
| 650 | 0 | _aGrafikone | |
| 700 | 1 | _aNeal, Karla. | |
| 700 | 1 | _aHofmann, Roseanne Salvatore. | |
| 942 |
_2udc _cBK |
||
| 999 |
_c1187 _d1187 |
||